[Event "Aragon-chT Preferente Gr II"]
[Site "Aragon"]
[Date "2022.03.19"]
[Round "8.63"]
[White "Campo Pelegrin, Ramon"]
[Black "Garcia Mendez, Beatriz"]
[Result "1-0"]
[WhiteElo "1787"]
[BlackElo "1692"]
[PlyCount "83"]
[EventDate "2022.01.29"]
[EventType "team-tourn"]
[EventRounds "9"]
[EventCountry "ESP"]
[SourceTitle "EXT 2024"]
[Source "ChessBase"]
[SourceDate "2023.10.10"]
[SourceVersion "1"]
[SourceVersionDate "2023.10.10"]
[SourceQuality "1"]
[WhiteTeam "Enroque Barbastro"]
[BlackTeam "Marcos Frechin II"]
[WhiteTeamCountry "ESP"]
[BlackTeamCountry "ESP"]

1. e4 c5 2. Nc3 Nc6 3. f4 g6 4. Nf3 Bg7 5. g3 e6 6. d3 Nge7 7. Bg2 d5 8. 0-0 0-0 9. Ne2 Qc7 10. c3 Rd8 11. Qc2 b6 12. Be3 Bb7 13. Rad1 Rac8 14. Bf2 Qb8 15. Qb1 Ba6 16. Rfe1 dxe4 17. dxe4 Rxd1 18. Qxd1 Rd8 19. Qa4 Bd3 20. Nc1 b5 21. Qa3 b4 22. cxb4 cxb4 23. Qb3 Qb5 24. Nxd3 Qxd3 25. Qxd3 Rxd3 26. e5 a5 27. Rc1 Nd8 28. Bb6 a4 29. Ne1 Rd7 30. Ba5 f6 31. Bxb4 fxe5 32. Bxe7 Rxe7 33. Rc8 Re8 34. fxe5 Bxe5 35. Nd3 Bd4+ 36. Kf1 Rf8+ 37. Ke2 e5 38. Ra8 Kg7 39. Rxa4 Kf6 40. Ra6+ Kf5 41. b4 Ne6 42. Bh3+ 1-0

[Event "Aragon-chT Preferente Gr-I"]
[Site "Aragon"]
[Date "2020.02.15"]
[Round "4.38"]
[White "Franco Ibanez, Carlos"]
[Black "Campo Pelegrin, Ramon"]
[Result "1/2-1/2"]
[WhiteElo "1936"]
[BlackElo "1778"]
[PlyCount "59"]
[EventDate "2020.01.25"]
[EventType "team-tourn"]
[EventRounds "9"]
[EventCountry "ESP"]
[SourceTitle "EXT 2022"]
[Source "ChessBase"]
[SourceDate "2021.10.06"]
[SourceVersion "1"]
[SourceVersionDate "2021.10.06"]
[SourceQuality "1"]
[WhiteTeam "Shatranj"]
[BlackTeam "Enroque Barbastro"]
[WhiteTeamCountry "ESP"]
[BlackTeamCountry "ESP"]

1. d4 d5 2. c4 e6 3. Nf3 Nf6 4. g3 Be7 5. Bg2 Nbd7 6. Nbd2 0-0 7. 0-0 c6 8. b3 b6 9. Bb2 Bb7 10. Rc1 c5 11. e3 Rc8 12. Qe2 dxc4 13. Nxc4 b5 14. Ncd2 Qb6 15. Rcd1 Rfd8 16. dxc5 Bxc5 17. Nd4 Ba6 18. a3 Be7 19. b4 e5 20. Nf5 Bf8 21. f4 exf4 22. Ne4 Nxe4 23. Bxe4 Nf6 24. Rxd8 Rxd8 25. Bxf6 Qxf6 26. Nd4 Bd6 27. Nc6 Re8 28. exf4 g6 29. Qd3 Bc7 30. Kh1 1/2-1/2

[Event "Aragon-chT Preferente Gr-I"]
[Site "Aragon"]
[Date "2020.02.08"]
[Round "3.51"]
[White "Campo Pelegrin, Ramon"]
[Black "Buil Rello, Jose Antonio"]
[Result "1/2-1/2"]
[WhiteElo "1778"]
[BlackElo "1699"]
[PlyCount "172"]
[EventDate "2020.01.25"]
[EventType "team-tourn"]
[EventRounds "9"]
[EventCountry "ESP"]
[SourceTitle "EXT 2022"]
[Source "ChessBase"]
[SourceDate "2021.10.06"]
[SourceVersion "1"]
[SourceVersionDate "2021.10.06"]
[SourceQuality "1"]
[WhiteTeam "Enroque Barbastro"]
[BlackTeam "Jaime Casas II"]
[WhiteTeamCountry "ESP"]
[BlackTeamCountry "ESP"]

1. e4 c5 2. Nc3 e6 3. g3 a6 4. Bg2 Nc6 5. f4 Nge7 6. Nf3 d5 7. d3 g6 8. 0-0 Bg7 9. Ne2 Qc7 10. c3 b5 11. Nh4 f5 12. h3 Bb7 13. Qe1 0-0 14. Nf3 h6 15. e5 Rfd8 16. d4 c4 17. g4 Kf7 18. Qg3 Rh8 19. Nh4 Rag8 20. Kf2 Bf8 21. Bf3 Ke8 22. Bd2 Kd7 23. Rg1 Rg7 24. gxf5 Nxf5 25. Nxf5 gxf5 26. Qh4 Qd8 27. Rxg7+ Bxg7 28. Qh5 Qe8 29. Rg1 Bf8 30. Qh4 Be7 31. Qh5 Bf8 32. Be1 Ne7 33. Qxe8+ Kxe8 34. Bh5+ Kd8 35. Ke3 Bc6 36. Bf7 Bd7 37. Bh4 Rh7 38. Bg6 Rg7 39. Bf6 Rg8 40. Bf7 Rxg1 41. Nxg1 Bc8 42. Ne2 Kd7 43. Ng3 Nc6 44. Nh5 Nd8 45. Bg8 Ke8 46. Ng7+ Bxg7 47. Bxg7 Nf7 48. Kf3 Ke7 49. Kg3 Bd7 50. Bxf7 Kxf7 51. Bxh6 Kg6 52. Bf8 Be8 53. b3 Bc6 54. Kf2 a5 55. Ke2 Kf7 56. Bd6 Be8 57. Kd2 Kg7 58. Bc7 cxb3 59. axb3 a4 60. Kc2 Bh5 61. Kb2 Bd1 62. bxa4 bxa4 63. Ka3 Kf7 64. Kb4 Ke8 65. Bd6 Kd8 66. Kb5 Kd7 67. Ba3 Kc7 68. Kb4 Kb6 69. h4 Kc6 70. Ka5 Kb7 71. Kb5 Kc7 72. Kc5 Bh5 73. Bb4 Be2 74. c4 dxc4 75. d5 Kd7 76. dxe6+ Kxe6 77. Kc6 Bh5 78. Kc5 Be2 79. Kc6 Bh5 80. Kb5 Be2 81. Kxa4 Bh5 82. Kb5 Be2 83. Kc6 Bh5 84. Kc7 Be8 85. Kc8 Bf7 86. Kd8 Bg6 1/2-1/2

[Event "Aragon-chT Honor Gr-A"]
[Site "Aragon"]
[Date "2019.02.16"]
[Round "4.32"]
[White "Gella Bitrian, Diego"]
[Black "Campo Pelegrin, Ramon"]
[Result "1-0"]
[WhiteElo "2023"]
[BlackElo "1795"]
[PlyCount "63"]
[EventDate "2019.01.26"]
[EventType "team-tourn"]
[EventRounds "7"]
[EventCountry "ESP"]
[SourceTitle "EXT 2020"]
[Source "ChessBase"]
[SourceDate "2019.10.17"]
[SourceVersion "1"]
[SourceVersionDate "2019.10.17"]
[SourceQuality "1"]
[WhiteTeam "Huesca Club Atletismo"]
[BlackTeam "Enroque"]
[WhiteTeamCountry "ESP"]
[BlackTeamCountry "ESP"]

1. e4 e5 2. Nf3 Nc6 3. Bb5 a6 4. Ba4 Nf6 5. 0-0 b5 6. Bb3 Be7 7. Re1 d6 8. c3 Na5 9. Bc2 c5 10. h3 Nc6 11. d4 cxd4 12. cxd4 0-0 13. Nc3 Qc7 14. Be3 Na5 15. Ne2 Nc4 16. Bc1 Bb7 17. b3 Nb6 18. Bb2 Bxe4 19. Bxe4 Nxe4 20. dxe5 dxe5 21. Bxe5 Qb7 22. Rc1 Bb4 23. Rc7 Qd5 24. Nf4 Qxd1 25. Rxd1 Rac8 26. Rd4 f6 27. Ne6 fxe5 28. Rxg7+ Kh8 29. Rxe4 Rc1+ 30. Kh2 Rf6 31. Rh4 h6 32. Nfg5 1-0

[Event "Aragon-chT Honor Gr-A"]
[Site "Aragon"]
[Date "2019.01.26"]
[Round "1.3"]
[White "Ramiro Ovejero, Juan Luis"]
[Black "Campo Pelegrin, Ramon"]
[Result "1-0"]
[WhiteElo "2358"]
[BlackElo "1795"]
[PlyCount "79"]
[EventDate "2019.01.26"]
[EventType "team-tourn"]
[EventRounds "7"]
[EventCountry "ESP"]
[SourceTitle "EXT 2020"]
[Source "ChessBase"]
[SourceDate "2019.10.17"]
[SourceVersion "1"]
[SourceVersionDate "2019.10.17"]
[SourceQuality "1"]
[WhiteTeam "Jaime Casas"]
[BlackTeam "Enroque"]
[WhiteTeamCountry "ESP"]
[BlackTeamCountry "ESP"]

1. e4 e5 2. Nf3 Nc6 3. Bb5 a6 4. Ba4 b5 5. Bb3 Be7 6. 0-0 d6 7. c3 Na5 8. Bc2 c5 9. h3 Nf6 10. d4 Nc6 11. Re1 0-0 12. Nbd2 Qc7 13. d5 Na5 14. b3 Ne8 15. Nf1 f5 16. exf5 Bxf5 17. Bxf5 Rxf5 18. a4 Rb8 19. axb5 axb5 20. Ng3 Rf8 21. Ne4 h6 22. Be3 Nf6 23. Nxf6+ Bxf6 24. Nd2 Ra8 25. Ne4 Be7 26. Ra3 c4 27. b4 Nb3 28. Rxa8 Rxa8 29. Qg4 Qc8 30. Qg6 Qe8 31. Qg3 Qh5 32. Rf1 Rf8 33. f3 Kh7 34. Qg4 Qf7 35. Rd1 Ra8 36. Bb6 h5 37. Qe6 Qxe6 38. dxe6 Rc8 39. Rxd6 Bxd6 40. Nxd6 1-0

[Event "Aragon-chT Preferente A"]
[Site "Aragon"]
[Date "2017.03.11"]
[Round "7.36"]
[White "Alvarez Gonzalo, Miguel Angel"]
[Black "Campo Pelegrin, Ramon"]
[Result "1-0"]
[WhiteElo "1860"]
[BlackElo "1771"]
[PlyCount "71"]
[EventDate "2017.01.28"]
[EventType "team-tourn"]
[EventRounds "9"]
[EventCountry "ESP"]
[SourceTitle "EXT 2018"]
[Source "ChessBase"]
[SourceDate "2017.10.13"]
[SourceVersion "1"]
[SourceVersionDate "2017.10.13"]
[SourceQuality "1"]
[WhiteTeam "St Casablanca III"]
[BlackTeam "Barbastro"]
[WhiteTeamCountry "ESP"]
[BlackTeamCountry "ESP"]

1. c4 e5 2. Nc3 Nc6 3. g3 Bc5 4. a3 a5 5. e3 Nf6 6. Bg2 d6 7. Nge2 0-0 8. 0-0 Re8 9. d4 Bb6 10. h3 Ne7 11. dxe5 dxe5 12. Na4 Qxd1 13. Rxd1 Ba7 14. b4 Bd7 15. Nb2 Bc6 16. Nc3 Bxg2 17. Kxg2 c6 18. Nba4 axb4 19. axb4 Bb8 20. Bb2 Bc7 21. Nc5 b6 22. Na6 Bd8 23. b5 c5 24. Rd2 Kf8 25. Rad1 Rc8 26. g4 h6 27. Rd6 Ng6 28. Kg3 h5 29. f3 hxg4 30. hxg4 Ne7 31. Na4 Ng6 32. Nxb6 Bxb6 33. Rxb6 Re7 34. Rc6 Rxc6 35. bxc6 Ne8 36. Rd8 1-0

[Event "Aragon-chT Preferente A"]
[Site "Aragon"]
[Date "2017.03.04"]
[Round "6.52"]
[White "Campo Pelegrin, Ramon"]
[Black "Miranda Herrera, Miguel"]
[Result "1-0"]
[WhiteElo "1771"]
[BlackElo "1496"]
[PlyCount "99"]
[EventDate "2017.01.28"]
[EventType "team-tourn"]
[EventRounds "9"]
[EventCountry "ESP"]
[SourceTitle "EXT 2018"]
[Source "ChessBase"]
[SourceDate "2017.10.13"]
[SourceVersion "1"]
[SourceVersionDate "2017.10.13"]
[SourceQuality "1"]
[WhiteTeam "Barbastro"]
[BlackTeam "Monsalud"]
[WhiteTeamCountry "ESP"]
[BlackTeamCountry "ESP"]

1. e4 d5 2. exd5 Nf6 3. d4 Bg4 4. Be2 Bxe2 5. Qxe2 Qxd5 6. Nf3 Nc6 7. c4 Qe4 8. Nc3 Qxe2+ 9. Kxe2 e6 10. Bf4 0-0-0 11. Rhd1 Bd6 12. Bxd6 Rxd6 13. Rd2 Rhd8 14. Rad1 a6 15. h3 h6 16. g4 g5 17. Ke3 e5 18. d5 Na5 19. b3 Re8 20. Ne4 Nxe4 21. Kxe4 f6 22. c5 Rd7 23. Rc1 b5 24. cxb6 Red8 25. bxc7 Rxc7 26. Rdc2 Rxc2 27. Rxc2+ Kd7 28. Nd2 Nb7 29. Nc4 Ke7 30. Rd2 Nc5+ 31. Kf5 Kf7 32. b4 Nb7 33. Ke4 h5 34. f3 a5 35. Nxa5 Nd6+ 36. Ke3 hxg4 37. hxg4 f5 38. gxf5 Nxf5+ 39. Ke4 Kf6 40. Nc6 Nd6+ 41. Kd3 Re8 42. Re2 g4 43. fxg4 e4+ 44. Kd4 Nb5+ 45. Kc4 Nc7 46. a4 e3 47. Kd4 Kg5 48. Ne5 Na6 49. Rxe3 Rd8 50. Nf7+ 1-0